Normal view
MARC view
Entry Topical Term
001 - CONTROL NUMBER
- control field: 264525
003 - CONTROL NUMBER IDENTIFIER
- control field: OSt
005 - DATE AND TIME OF LATEST TRANSACTION
- control field: 20260525152319.0
008 - FIXED-LENGTH DATA ELEMENTS
- fixed length control field: 260525|| aca||aabn | a|a d
040 ## - CATALOGING SOURCE
- Original cataloging agency: OSt
- Transcribing agency: OSt
150 ## - HEADING--TOPICAL TERM
- Topical term or geographic name entry element: Sanskrit Drama
670 ## - SOURCE DATA FOUND
- Source citation: Work cat.: (OSt)99558: HARSHA-DEVA. 264524, Ratnavali of Sri Harsa-Deva., 1984